[Event "ARM-chT"]
[Site "Yerevan"]
[Date "2018.06.08"]
[Round "1.2"]
[White "Karatorossian, David"]
[Black "Yeremyan, Alen"]
[Result "1-0"]
[WhiteElo "2233"]
[BlackElo "2033"]
[PlyCount "89"]
[EventDate "2018.06.08"]
[EventType "team-tourn"]
[EventRounds "7"]
[EventCountry "ARM"]
[SourceTitle "CBM 184 Extra"]
[Source "ChessBase"]
[SourceDate "2018.06.28"]
[SourceVersion "1"]
[SourceVersionDate "2018.06.28"]
[SourceQuality "1"]
[WhiteTeam "Yerevan"]
[BlackTeam "Chess Academy"]
[WhiteTeamCountry "ARM"]
[BlackTeamCountry "ARM"]

1. Nf3 Nf6 2. g3 g6 3. b3 Bg7 4. Bb2 0-0 5. Bg2 d6 6. d4 e5 7. dxe5 Ng4 8. 0-0 Nc6 9. c4 Ngxe5 10. Nxe5 Nxe5 11. Nc3 Bd7 12. Qd2 Bc6 13. Nd5 Bxd5 14. Bxd5 c6 15. Bg2 Qb6 16. Bc3 a5 17. Rab1 Qc5 18. e3 Qa3 19. Qc2 Rac8 20. Kh1 Rfe8 21. Bb2 Qc5 22. Bd4 Qa3 23. Rfd1 Nd7 24. Bh3 f5 25. g4 Bxd4 26. Rxd4 Nf6 27. gxf5 g5 28. Rbd1 d5 29. Bg2 Qc5 30. Qd3 Qd6 31. cxd5 c5 32. Ra4 h5 33. Kg1 Kf7 34. Rxa5 Ng4 35. h3 Nf6 36. Ra4 g4 37. h4 g3 38. f3 b5 39. Ra7+ Kf8 40. Qxb5 Qe5 41. e4 Rcd8 42. Qxc5+ Kg8 43. Qc7 Qxc7 44. Rxc7 Ra8 45. d6 1-0

[Event "Yerevan op 1st"]
[Site "Yerevan"]
[Date "2016.10.06"]
[Round "5"]
[White "Vaganian, Rafael A"]
[Black "Karatorossian, David"]
[Result "1-0"]
[WhiteElo "2564"]
[BlackElo "2252"]
[PlyCount "81"]
[EventDate "2016.10.02"]
[EventType "swiss"]
[EventRounds "9"]
[EventCountry "ARM"]
[SourceTitle "EXT 2017"]
[Source "ChessBase"]
[SourceDate "2016.10.25"]
[SourceVersion "1"]
[SourceVersionDate "2016.10.25"]
[SourceQuality "1"]

1. Nf3 Nf6 2. c4 g6 3. g3 Bg7 4. Bg2 0-0 5. d4 c6 6. Nc3 d6 7. 0-0 Qa5 8. e4 Qh5 9. e5 dxe5 10. Nxe5 Ng4 11. Nf3 Qa5 12. h3 Nf6 13. Qe2 Re8 14. Bd2 Nbd7 15. Rfe1 Qb6 16. b4 Qd8 17. Rad1 Nb6 18. Be3 Be6 19. Ne5 Nfd7 20. c5 Nd5 21. Nxd5 Bxd5 22. Bxd5 cxd5 23. Qb2 a6 24. Kg2 e6 25. a4 Qc7 26. Bf4 g5 27. Bc1 Nxe5 28. dxe5 h6 29. Qd4 Qc6 30. h4 Qxa4 31. hxg5 hxg5 32. Bxg5 Qc2 33. Rd3 Qc4 34. Qxc4 dxc4 35. Rc3 Rec8 36. Rxc4 Rc6 37. Bf6 Kf8 38. Rh1 Rac8 39. Rd4 a5 40. Rh7 Bxf6 41. exf6 1-0

[Event "Yerevan Asrian Memorial 8th"]
[Site "Yerevan"]
[Date "2015.06.21"]
[Round "6"]
[White "Hayrapetyan, Hovik"]
[Black "Karatorossian, David"]
[Result "1/2-1/2"]
[WhiteElo "2436"]
[BlackElo "2271"]
[PlyCount "89"]
[EventDate "2015.06.16"]
[EventType "swiss"]
[EventRounds "9"]
[EventCountry "ARM"]
[SourceTitle "CBM 167 Extra"]
[Source "ChessBase"]
[SourceDate "2015.09.14"]
[SourceVersion "1"]
[SourceVersionDate "2015.09.14"]
[SourceQuality "1"]

1. Nf3 Nf6 2. d4 g6 3. c4 Bg7 4. Nc3 0-0 5. g3 c6 6. Bg2 d6 7. 0-0 Qa5 8. h3 Qa6 9. b3 b5 10. cxb5 cxb5 11. a4 b4 12. Nb5 Qb6 13. Ne5 d5 14. Qc2 a6 15. Nc7 Ra7 16. Nxd5 Nxd5 17. Bxd5 Rc7 18. Qe4 Bxh3 19. Rd1 Be6 20. Nc4 Bxd5 21. Qxd5 Qc6 22. Qg2 Qxg2+ 23. Kxg2 Rd7 24. Bb2 Rfd8 25. e3 e5 26. Rac1 exd4 27. exd4 Bxd4 28. Rxd4 Rxd4 29. Bxd4 Rxd4 30. Ne5 Rd5 31. Rc8+ Kg7 32. Rxb8 Rxe5 33. Rxb4 h5 34. Rc4 a5 35. Kf3 g5 36. Rc6 f6 37. Rb6 Kg6 38. Ra6 Kf5 39. Kg2 Rc5 40. Kf1 Re5 41. Rb6 Rd5 42. f3 g4 43. b4 axb4 44. Rxb4 Rd3 45. Rb5+ 1/2-1/2

[Event "Yerevan Asrian Memorial 8th"]
[Site "Yerevan"]
[Date "2015.06.19"]
[Round "4"]
[White "Babujian, Levon"]
[Black "Karatorossian, David"]
[Result "1-0"]
[WhiteElo "2459"]
[BlackElo "2271"]
[PlyCount "51"]
[EventDate "2015.06.16"]
[EventType "swiss"]
[EventRounds "9"]
[EventCountry "ARM"]
[SourceTitle "CBM 167 Extra"]
[Source "ChessBase"]
[SourceDate "2015.09.14"]
[SourceVersion "1"]
[SourceVersionDate "2015.09.14"]
[SourceQuality "1"]

1. d4 Nf6 2. c4 g6 3. Nc3 Bg7 4. e4 d6 5. Nf3 0-0 6. h3 e5 7. d5 Nh5 8. g3 f5 9. exf5 gxf5 10. Ng5 Nf6 11. g4 fxg4 12. hxg4 Bxg4 13. Qc2 Na6 14. Nxh7 Nb4 15. Qg6 Qd7 16. Nxf8 Rxf8 17. Bh6 Bf5 18. Qxg7+ Qxg7 19. Bxg7 Kxg7 20. Kd2 c6 21. Bh3 Bxh3 22. Rxh3 cxd5 23. a3 d4 24. axb4 dxc3+ 25. bxc3 Ne4+ 26. Ke3 1-0

[Event "Yerevan Asrian Memorial 8th"]
[Site "Yerevan"]
[Date "2015.06.17"]
[Round "2"]
[White "Ter Sahakyan, Samvel"]
[Black "Karatorossian, David"]
[Result "1/2-1/2"]
[WhiteElo "2586"]
[BlackElo "2271"]
[PlyCount "79"]
[EventDate "2015.06.16"]
[EventType "swiss"]
[EventRounds "9"]
[EventCountry "ARM"]
[SourceTitle "CBM 167 Extra"]
[Source "ChessBase"]
[SourceDate "2015.09.14"]
[SourceVersion "1"]
[SourceVersionDate "2015.09.14"]
[SourceQuality "1"]

1. e4 e6 2. d4 d5 3. Nc3 Bb4 4. e5 b6 5. a3 Bxc3+ 6. bxc3 Qd7 7. Qg4 f5 8. Qg3 Ba6 9. Bxa6 Nxa6 10. Ne2 0-0-0 11. a4 Nb8 12. a5 Nc6 13. axb6 cxb6 14. Nf4 g6 15. 0-0 Nge7 16. Ba3 Na5 17. Bxe7 Qxe7 18. Rxa5 bxa5 19. Qd3 Rhe8 20. Qa6+ Qb7 21. Qxa5 Rd7 22. Nd3 Rc7 23. Nc5 Qb6 24. Qa2 Ree7 25. Rb1 Qc6 26. c4 dxc4 27. Qxc4 Kd8 28. h4 Ke8 29. Qd3 Rc8 30. Ra1 Rb8 31. h5 gxh5 32. Qh3 Rg7 33. Qxh5+ Kf8 34. Qh3 Rb4 35. c3 Rb2 36. Ra6 Rb6 37. Ra1 Rb2 38. Ra6 Rb6 39. Ra1 Rb2 40. Ra6 1/2-1/2

[Event "EU-ch 15th"]
[Site "Yerevan"]
[Date "2014.03.04"]
[Round "2"]
[White "Saric, Ivan"]
[Black "Karatorossian, David"]
[Result "1-0"]
[WhiteElo "2661"]
[BlackElo "2262"]
[PlyCount "81"]
[EventDate "2014.03.03"]
[EventType "swiss"]
[EventRounds "11"]
[EventCountry "ARM"]
[SourceTitle "CBM 160"]
[Source "ChessBase"]
[SourceDate "2014.05.15"]
[SourceVersion "1"]
[SourceVersionDate "2014.05.15"]
[SourceQuality "1"]

1. e4 e6 2. d4 d5 3. Nc3 Nf6 4. Bg5 Bb4 5. e5 h6 6. Bc1 Ne4 7. Qg4 g6 8. Nge2 c5 9. a3 Ba5 10. dxc5 Nxc3 11. Nxc3 Bxc3+ 12. bxc3 Bd7 13. Bd3 Qe7 14. 0-0 Bc6 15. Be3 Nd7 16. Qd4 Kf8 17. a4 a6 18. h4 Kg7 19. h5 gxh5 20. f4 f5 21. exf6+ Qxf6 22. Qb4 a5 23. Qb2 Qh4 24. Bb5 Kf7 25. Bxc6 bxc6 26. Qb7 Qe7 27. f5 e5 28. Qxc6 Nf6 29. Rab1 Rac8 30. Qa6 Ra8 31. Qd3 Rac8 32. Rb6 Rxc5 33. Re6 Qc7 34. Bxc5 Qxc5+ 35. Kh1 Rg8 36. Rxf6+ Kxf6 37. Qa6+ Kg5 38. Qe6 Rd8 39. Qg6+ Kh4 40. g3+ Kh3 41. Qxh5+ 1-0

[Event "Jermuk Asrian Memorial 4th"]
[Site "Jermuk"]
[Date "2011.06.17"]
[Round "2"]
[White "Hovhannisyan, Robert"]
[Black "Karatorossian, David"]
[Result "1-0"]
[WhiteElo "2553"]
[BlackElo "2269"]
[PlyCount "91"]
[EventDate "2011.06.16"]
[EventType "swiss"]
[EventRounds "9"]
[EventCountry "ARM"]
[SourceTitle "CBM 143 Extra"]
[Source "ChessBase"]
[SourceDate "2011.08.29"]
[SourceVersion "1"]
[SourceVersionDate "2011.08.29"]
[SourceQuality "1"]

1. e4 e6 2. d4 d5 3. Nc3 Bb4 4. e5 b6 5. Qg4 Bf8 6. a4 Ba6 7. Nb5 Qd7 8. Bd3 Ne7 9. Qe2 Bb7 10. Nf3 a6 11. Na3 c5 12. c3 Nbc6 13. 0-0 cxd4 14. Nxd4 Nxd4 15. cxd4 Nc6 16. Nc2 Na5 17. Be3 Nb3 18. Ra2 Be7 19. Qg4 Bf8 20. Ne1 Bc6 21. Qe2 Na5 22. Nf3 Bxa4 23. Bxa6 Nc4 24. Bxc4 dxc4 25. Qxc4 Bc6 26. Rxa8+ Bxa8 27. Rc1 Bb7 28. Qc7 Be7 29. Qxb6 Bd8 30. Qc5 Be7 31. Qc2 0-0 32. Qc7 Rd8 33. h3 h6 34. Ne1 Bf8 35. Qxd7 Rxd7 36. Nd3 Rd8 37. Rc7 Rb8 38. Nc5 Bd5 39. Nd7 Rd8 40. Bd2 Ra8 41. Nb6 Ra1+ 42. Kh2 Be4 43. Rc8 Ra6 44. Rb8 Kh7 45. Nd7 Be7 46. Re8 1-0

[Event "ARM-ch"]
[Site "Yerevan"]
[Date "2007.01.21"]
[Round "6"]
[White "Andriasian, Zaven"]
[Black "Karatorossian, David"]
[Result "0-1"]
[WhiteElo "2508"]
[BlackElo "2375"]
[PlyCount "230"]
[EventDate "2007.01.16"]
[EventType "tourn"]
[EventRounds "11"]
[EventCountry "ARM"]
[EventCategory "11"]
[SourceTitle "CBM 116 Extra"]
[Source "ChessBase"]
[SourceDate "2007.03.07"]
[SourceVersion "1"]
[SourceVersionDate "2007.03.07"]
[SourceQuality "1"]

1. e4 e6 2. d4 d5 3. Nd2 Nf6 4. e5 Nfd7 5. c3 c5 6. Bd3 b6 7. Nh3 Ba6 8. Bxa6 Nxa6 9. Nf4 b5 10. 0-0 Nb6 11. Qg4 Qd7 12. a4 bxa4 13. b3 cxd4 14. cxd4 g6 15. bxa4 Rc8 16. a5 Nc4 17. Nxc4 Rxc4 18. Rd1 Be7 19. h3 Nb4 20. Rb1 Qa4 21. Be3 Qxa5 22. Rdc1 Qc7 23. Rxc4 Qxc4 24. Rc1 Qa6 25. Bd2 h5 26. Qg3 Nc6 27. Qe3 Kd7 28. Nd3 Qa3 29. Kh2 Rc8 30. Rc3 Qa4 31. Nc5+ Bxc5 32. Rxc5 Rc7 33. Qf3 Kc8 34. Qc3 Kd7 35. Be3 Qb4 36. Qd3 Rb7 37. Qd1 Rc7 38. Qd3 Qa4 39. Qc3 Rb7 40. Qd3 Qb3 41. Qa6 Rb6 42. Qe2 Qb1 43. Qf3 Qf5 44. Qd1 Qe4 45. Qc1 Qd3 46. Rc3 Qb5 47. Bg5 Qb4 48. Rf3 Ke8 49. Qf4 Rb7 50. Qf6 Qf8 51. Rc3 Kd7 52. Qf4 Kc7 53. Qc1 Rb6 54. Rc5 Kb7 55. Qa3 Qe8 56. Bd2 Qd7 57. Bc3 a6 58. Bb2 Rb5 59. Rc1 Qe7 60. Qc3 Qd7 61. Ba3 Na5 62. Bb4 Nc4 63. Bc5 a5 64. Qf3 Kb8 65. Qf6 Rb7 66. Ra1 Rb5 67. Qh8+ Kb7 68. Qf8 Rb2 69. Ba3 Rb3 70. Bd6 Nxd6 71. exd6 Rb6 72. g3 a4 73. h4 Rxd6 74. Rxa4 Qxa4 75. Qxd6 Qxd4 76. Qd7+ Kb6 77. Qxf7 Qe4 78. Qf8 Kb5 79. Qa3 d4 80. Qb3+ Kc5 81. Qa4 Kd6 82. Qb4+ Kc6 83. Qa4+ Kc5 84. Qa3+ Kc4 85. Qa2+ Kc3 86. Qa3+ Kd2 87. Qb2+ Ke1 88. Kg1 d3 89. Qc1+ Ke2 90. Qb1 Qe5 91. Kg2 Qd5+ 92. Kg1 Qe4 93. Qc1 Qf5 94. Qf1+ Kd2 95. Qb1 Qd5 96. Qb2+ Ke1 97. Qc1+ Ke2 98. Qf1+ Kd2 99. Qb1 e5 100. Qb2+ Ke1 101. Qc1+ Ke2 102. Qf1+ Kd2 103. Qb1 Qc5 104. Kg2 Qc6+ 105. f3 Qc2 106. Qa1 e4 107. fxe4 Ke3+ 108. Kh3 Qc8+ 109. Kg2 Qc2+ 110. Kh3 d2 111. Qg1+ Kd3 112. Qf1+ Kd4 113. Qa1+ Kd3 114. Qf1+ Kc3 115. Qa1+ Kb3 0-1

[Event "ARM-ch"]
[Site "Yerevan"]
[Date "2007.01.19"]
[Round "4"]
[White "Minasian, Artashes"]
[Black "Karatorossian, David"]
[Result "1-0"]
[WhiteElo "2595"]
[BlackElo "2375"]
[PlyCount "89"]
[EventDate "2007.01.16"]
[EventType "tourn"]
[EventRounds "11"]
[EventCountry "ARM"]
[EventCategory "11"]
[SourceTitle "CBM 116 Extra"]
[Source "ChessBase"]
[SourceDate "2007.03.07"]
[SourceVersion "1"]
[SourceVersionDate "2007.03.07"]
[SourceQuality "1"]

1. g3 Nf6 2. Bg2 g6 3. e4 d6 4. d4 Bg7 5. Ne2 e5 6. 0-0 0-0 7. Nbc3 c6 8. h3 Nbd7 9. Be3 exd4 10. Bxd4 Nb6 11. a4 Re8 12. b3 Qc7 13. f4 a5 14. Kh2 d5 15. exd5 Nbxd5 16. Bxd5 Nxd5 17. Nxd5 cxd5 18. Bxg7 Kxg7 19. Qd4+ Kg8 20. Nc3 Be6 21. Rf2 Rac8 22. Nb5 Qc5 23. Rd1 Qxd4 24. Rxd4 Rcd8 25. g4 f6 26. Rfd2 Re7 27. c4 Red7 28. f5 gxf5 29. gxf5 Bxf5 30. cxd5 Kf7 31. d6 Rc8 32. Nc7 Rg8 33. Rd5 Be6 34. Rb5 Rb8 35. Rb6 h6 36. Rd4 Bf5 37. Rf4 Be6 38. Re4 Bf5 39. Re3 Bg6 40. Kg3 Bf5 41. Kf4 Bg6 42. Rc3 Rbd8 43. Nb5 Re8 44. Rc7 Re4+ 45. Kf3 1-0

[Event "Moscow Aeroflot op-C"]
[Site "Moscow"]
[Date "2006.02.08"]
[Round "2"]
[White "Karatorossian, David"]
[Black "Burtasova, Anna"]
[Result "1-0"]
[WhiteElo "2332"]
[BlackElo "2293"]
[PlyCount "81"]
[EventDate "2006.02.07"]
[EventType "swiss"]
[EventRounds "9"]
[EventCountry "RUS"]
[SourceTitle "EXT 2007"]
[Source "ChessBase"]
[SourceDate "2006.11.23"]
[SourceVersion "1"]
[SourceVersionDate "2006.11.23"]
[SourceQuality "1"]

1. c4 c5 2. Nf3 Nc6 3. Nc3 g6 4. g3 Bg7 5. Bg2 e5 6. 0-0 Nge7 7. d3 0-0 8. a3 d6 9. Rb1 a5 10. Ne1 Be6 11. Nc2 d5 12. cxd5 Nxd5 13. Ne3 Nce7 14. Ne4 Rc8 15. Ng5 Nxe3 16. Nxe6 Nxd1 17. Nxd8 Rfxd8 18. Rxd1 c4 19. Bd2 b6 20. Be3 cxd3 21. Bxb6 Rd6 22. Bxa5 Ra6 23. Bc3 dxe2 24. Rd2 Rb6 25. Re1 Nf5 26. Bh3 Rxc3 27. bxc3 Nd6 28. Rexe2 e4 29. Rb2 Rc6 30. Rb8+ Bf8 31. a4 Kg7 32. Ra2 Nc4 33. Rc8 Rxc8 34. Bxc8 e3 35. fxe3 Bc5 36. a5 Nxe3 37. a6 Ba7 38. Kh1 Nc4 39. Bg4 f5 40. Be2 Nd6 41. Rd2 1-0

[Event "Budapest FS04 GM"]
[Site "Budapest"]
[Date "2005.04.08"]
[Round "7"]
[White "Karatorossian, David"]
[Black "Blauert, Joerg"]
[Result "1-0"]
[WhiteElo "2384"]
[BlackElo "2354"]
[PlyCount "121"]
[EventDate "2005.04.02"]
[EventType "tourn"]
[EventRounds "11"]
[EventCountry "HUN"]
[EventCategory "7"]
[SourceTitle "CBM 105 Extra"]
[Source "ChessBase"]
[SourceDate "2005.05.01"]
[SourceVersion "1"]
[SourceVersionDate "2005.05.01"]
[SourceQuality "1"]

1. e4 e5 2. Nf3 Nf6 3. d4 Nxe4 4. Bd3 Nc6 5. 0-0 d5 6. Nxe5 Nxe5 7. dxe5 Nc5 8. Be3 Nxd3 9. Qxd3 c6 10. Nd2 Be7 11. f4 f6 12. exf6 Bxf6 13. Bc5 Kf7 14. Nf3 g6 15. Ng5+ Kg7 16. Rae1 Re8 17. Rxe8 Qxe8 18. Bd4 Qe7 19. Qc3 h6 20. Nf3 Bf5 21. Re1 Be4 22. Nd2 Re8 23. Nxe4 dxe4 24. Bxf6+ Qxf6 25. Qxf6+ Kxf6 26. Kf2 Kf5 27. Ke3 Rd8 28. Rg1 h5 29. g3 Kg4 30. Rg2 Kh3 31. Rf2 Re8 32. Rd2 Re6 33. c4 c5 34. b3 b6 35. Rf2 Kg4 36. Rb2 Kh3 37. Rd2 Kg4 38. a3 a5 39. Rd5 Kh3 40. Re5 Rd6 41. Kxe4 Kxh2 42. Rg5 Rf6 43. a4 Re6+ 44. Kd5 Rf6 45. Ke4 Re6+ 46. Kd5 Rf6 47. g4 hxg4 48. Rxg4 Kh3 49. Rg5 Kh4 50. Ke5 Rc6 51. Rg1 Kh3 52. f5 gxf5 53. Kxf5 Rd6 54. Rg6 Rxg6 55. Kxg6 Kg4 56. Kf6 Kf4 57. Ke6 Ke4 58. Kd6 Kd4 59. Kc6 Kc3 60. Kxb6 Kb4 61. Kc6 1-0

[Event "Budapest FS04 GM"]
[Site "Budapest"]
[Date "2005.04.07"]
[Round "6"]
[White "Ilincic, Zlatko"]
[Black "Karatorossian, David"]
[Result "1-0"]
[WhiteElo "2502"]
[BlackElo "2384"]
[PlyCount "59"]
[EventDate "2005.04.02"]
[EventType "tourn"]
[EventRounds "11"]
[EventCountry "HUN"]
[EventCategory "7"]
[SourceTitle "CBM 105 Extra"]
[Source "ChessBase"]
[SourceDate "2005.05.01"]
[SourceVersion "1"]
[SourceVersionDate "2005.05.01"]
[SourceQuality "1"]

1. d4 Nf6 2. c4 g6 3. g3 Bg7 4. Bg2 0-0 5. Nc3 d6 6. Nf3 Nbd7 7. 0-0 e5 8. e4 c6 9. b3 Re8 10. h3 exd4 11. Nxd4 Nc5 12. Re1 a5 13. Bf4 Qc7 14. Ndb5 cxb5 15. Bxd6 Qb6 16. e5 b4 17. Bxc5 Qxc5 18. exf6 Rxe1+ 19. Qxe1 Bf8 20. Nd5 Be6 21. Nf4 Re8 22. Rd1 Qg5 23. Qe4 Qxf6 24. Qxb7 Bc5 25. Qb5 Rc8 26. Bb7 Qg5 27. Kg2 Rb8 28. Qxa5 h5 29. Qc7 Rf8 30. Bd5 1-0

[Event "Budapest FS04 GM"]
[Site "Budapest"]
[Date "2005.04.03"]
[Round "2"]
[White "Szabo, Krisztian"]
[Black "Karatorossian, David"]
[Result "1-0"]
[WhiteElo "2376"]
[BlackElo "2384"]
[PlyCount "57"]
[EventDate "2005.04.02"]
[EventType "tourn"]
[EventRounds "11"]
[EventCountry "HUN"]
[EventCategory "7"]
[SourceTitle "CBM 105 Extra"]
[Source "ChessBase"]
[SourceDate "2005.05.01"]
[SourceVersion "1"]
[SourceVersionDate "2005.05.01"]
[SourceQuality "1"]

1. e4 Nc6 2. d4 d5 3. Nc3 Nf6 4. e5 Nd7 5. Nxd5 Ndb8 6. Ne3 Qxd4 7. Qxd4 Nxd4 8. b3 Nbc6 9. Bb2 e6 10. g4 a6 11. 0-0-0 Nb5 12. c4 Nba7 13. Bg2 h5 14. g5 Ne7 15. Ne2 Nac6 16. Nf4 Bd7 17. Bf3 h4 18. a3 a5 19. Bg4 0-0-0 20. Rd2 Be8 21. g6 Rxd2 22. Kxd2 Nd8 23. gxf7 Bxf7 24. Nh3 Bg6 25. Ng5 Kd7 26. Kc1 Nec6 27. Rd1+ Ke7 28. Bxe6 Rh5 29. Nd5+ 1-0

[Event "Budapest FS12 GM"]
[Site "Budapest"]
[Date "2004.12.07"]
[Round "4"]
[White "Ilincic, Zlatko"]
[Black "Karatorossian, David"]
[Result "1-0"]
[WhiteElo "2522"]
[BlackElo "2384"]
[PlyCount "65"]
[EventDate "2004.12.??"]
[EventType "tourn"]
[EventRounds "11"]
[EventCountry "HUN"]
[EventCategory "7"]
[SourceTitle "CBM 103 Extra"]
[Source "ChessBase"]
[SourceDate "2005.01.01"]
[SourceVersion "1"]
[SourceVersionDate "2005.01.01"]
[SourceQuality "1"]

1. d4 Nf6 2. c4 g6 3. g3 Bg7 4. Bg2 0-0 5. Nc3 d6 6. Nf3 c6 7. 0-0 Qa5 8. h3 Qa6 9. b3 b5 10. Nd2 bxc4 11. Nxc4 Be6 12. Qd3 Nd5 13. Bg5 h6 14. Be3 Nxc3 15. Qxc3 Bd5 16. Qd2 Kh7 17. Rac1 Nd7 18. Na5 Rfc8 19. b4 Nf6 20. Rc2 Rc7 21. Rfc1 Rac8 22. f3 Be6 23. Bf2 Ne8 24. Bf1 Qb5 25. e4 Qa4 26. Ba6 Rb8 27. Nxc6 Rb6 28. b5 d5 29. Qb4 Qxb4 30. Nxb4 Rxc2 31. Rxc2 Nd6 32. exd5 Bxh3 33. a4 1-0